000 00555nam a2200181Ia 4500
008 151202s9999||||xx |||||||||||||| ||und||
082 _bPNVM-63761
100 _aलोणकर रघुनाथ.
245 _aअखेर जमलं.
260 _b"शिवम प्रकाशन ,पुणे."
260 _c63761
300 _a128
600 _aलोणकर रघुनाथ.
630 _aअखेर जमलं.
700 _aलोणकर रघुनाथ.
730 _aअखेर जमलं.
942 _cBOOK
999 _c1330295
_d1330292